Gaming Quiz

Random Gaming or Clickable Quiz

Sly Cooper Episode Names Quiz Stats

 Plays Quiz not verified by Sporcle

Challenge
Share
Tweet
Embed
Score 0/19 Timer 05:00
0 Plays Today
% Correct
Vicious Voodoo
91.5%
An Opera of Fear
88.8%
Flight of Fancy
87%
Sunset Snake Eyes
85.4%
Honor Among Thieves
85.2%
Rumble Down Under
84.8%
Dead Men Tell No Tales
83.3%
The Black Chateau
82.5%
Tide of Terror
82.3%
A Tangled Web
81.9%
% Correct
The Predator Awakes
81.9%
Fire in the Sky
81.3%
A Cold Alliance
80.5%
Cold Heart of Hate
78.3%
Menace From the North, Eh?
77.4%
Anatomy For Disaster
76.6%
A Starry-Eyed Encounter
76.2%
He Who Tames the Iron Horse
76.2%
Jailbreak
69.7%

You're not logged in!

Compare scores with friends on all Sporcle quizzes.
OR
Log In

You Might Also Like...

Show Comments

Extras

Top Quizzes Today


Score Distribution

Your Account Isn't Verified!

In order to create a playlist on Sporcle, you need to verify the email address you used during registration. Go to your Sporcle Settings to finish the process.

Report this User

Report this user for behavior that violates our Community Guidelines.

Details: